US Presidents by Hint #1 - Statistics

General Stats
  • This quiz has been taken 40 times
  • The average score is 13 of 15
Answer Stats
Hint Answer % Correct
Facilitated the 2001 Invasion of Afghanistan and the 2003 Invasion of Iraq. George W. Bush
100%
Was the only President to serve more than two terms. Franklin D. Roosevelt
97%
Often known as the drafter of the Declaration of Independence. Thomas Jefferson
97%
Created the ______ Doctrine, which told European powers to remain outside of the Americas. James Monroe
95%
Is currently the oldest living President. Jimmy Carter
95%
Was the lieutenant general of all Union armies during the last year of the Civil War. Ulysses S. Grant
95%
Served two, nonconsecutive presidential terms. Grover Cleveland
92%
Approved the bombing of Hiroshima and Nagasaki. Harry S. Truman
92%
Was the shortest serving President in history, dying only 31 days into his first term. William Henry Harrison
87%
Spoke Dutch as his first language. Martin Van Buren
84%
The first Democrat to become President. Andrew Jackson
82%
Became President after James Garfield was assassinated, and signed into law the Chinese Exclusion Act. Chester A. Arthur.
66%
Served directly before the Civil War began, and is known for advocating for states' rights in terms of slavery. James Buchanan
66%
Was one of the most popular Presidents up to that point, until several scandals, including the Teapot Dome scandal, was uncovered after his death. Warren G. Harding
63%
Was the President during the Spanish-American War. William McKinley
63%
No matching quizzes found
Score Distribution
Percent of People with Each Score
Percentile by Number Answered
Your Score History
You have not taken this quiz